Data-Driven analytics for healthcare (Registro nro. 10871)

000 -CABECERA
Campo de control de longitud fija 02733nam a22003977a 4500
003 - IDENTIFICADOR DEL NÚMERO DE CONTROL
Campo de control OSt
005 - FECHA Y HORA DE LA ÚLTIMA TRANSACCIÓN
Campo de control 20260420141434.0
008 - CÓDIGOS DE INFORMACIÓN DE LONGITUD FIJA
Campo de control de longitud fija 260420t2025 xxu||||| |||| 00| 0 eng d
020 ## - NÚMERO INTERNACIONAL NORMALIZADO PARA LIBROS (ISBN)
Número Internacional Normalizado para Libros (ISBN) 9781003558743
020 ## - NÚMERO INTERNACIONAL NORMALIZADO PARA LIBROS (ISBN)
Número Internacional Normalizado para Libros (ISBN) 9781774917619
020 ## - NÚMERO INTERNACIONAL NORMALIZADO PARA LIBROS (ISBN)
Número Internacional Normalizado para Libros (ISBN) 9781774917602
040 ## - FUENTE DE LA CATALOGACIÓN
Centro catalogador de origen Unicoc
Lengua de catalogación spa
Centro que cataloga Bogotá (Dr. David Ordóñez Rueda) - Campus Norte
Centro modificador Bogotá (Dr. David Ordóñez Rueda) - Campus Norte
082 ## - NÚMERO DE LA CLASIFICACIÓN DECIMAL DEWEY
Número de clasificación 616.075
100 ## - PUNTO DE ACCESO PRINCIPAL - NOMBRE DE PERSONA
9 (RLIN) 13011
Nombre de persona Sharma, Meghna
245 ## - MENCIÓN DE TÍTULO
Título Data-Driven analytics for healthcare
Subtitulo o Resto del título : Artificial intelligence and machine learning for medical diagnostics
Mención de responsabilidad etc. / Meghna Sharma
250 ## - MENCIÓN DE EDICIÓN
Mención de edición 1 Ed.
260 ## - PUBLICATION, DISTRIBUTION, ETC. (IMPRINT)
Lugar de publicación distribución etc. Canadá :
Nombre del editor distribuidor etc. CRC Press ,
Fecha de publicación distribución etc. 2025
300 ## - DESCRIPCIÓN FÍSICA
Extensión 309 páginas
Otras características físicas Ilustraciones, diagramas, tablas, gráficas
500 ## - NOTA GENERAL
Nota general Incluye Índice y referencias bibliográficas
505 ## - NOTA DE CONTENIDO CON FORMATO
Título Chapter 1. Predictive and descriptive analytics in healthcare. --
-- Chapter 2. Biomimetics and mind-machine interface: the human brain as a quantum computer. --
-- Chapter 3. The inevitable artificial intelligence revolution in healthcare. --
-- Chapter 4. Object detection approach for pneumonia detection using x-ray images. --
-- Chapter 5. Corona tracker: an application for monitoring and tracking the corona disease. --
-- Chapter 6. Investigation of diagnosing irregularities in endodontic applications using deep learning methods. --
-- Chapter 7. Teknomo–Fernandez Kernelized discriminant analysis-based connectionist deep multilayer perceptive neural learning for human activity recognition. --
-- Chapter 8. Transforming healthcare with AI: an adequate method for diabetes prediction using machine learning techniques. --
-- Chapter 9. A survey on artificial intelligence and machine learning approaches for medical data authentication. --
-- Chapter 10. Data-Driven analytics for healthcare: artificial intelligence and machine learning for medical diagnostics. --
-- Chapter 11 M-Blockchain: a futuristic approach for healthcare. --
-- Chapter 12. Blockchain in healthcare: evolution, applications, and challenges.
526 ## - NOTA DE INFORMACIÓN SOBRE EL PROGRAMA DE ESTUDIO
Institución que aplica el campo Unicoc
546 ## - NOTA DE LENGUA
Nota de lengua Inglés
650 #0 - PUNTO DE ACCESO ADICIONAL DE MATERIA - TÉRMINO DE MATERIA
9 (RLIN) 10540
Término de materia o nombre geográfico como elemento inicial Inteligencia Artificial
Subdivisión de forma Aplicaciones médicas
650 #0 - PUNTO DE ACCESO ADICIONAL DE MATERIA - TÉRMINO DE MATERIA
9 (RLIN) 13018
Término de materia o nombre geográfico como elemento inicial Bioinformática
650 #0 - PUNTO DE ACCESO ADICIONAL DE MATERIA - TÉRMINO DE MATERIA
9 (RLIN) 13017
Término de materia o nombre geográfico como elemento inicial Aprendizaje automático
Subdivisión de materia general Medicina
650 #0 - PUNTO DE ACCESO ADICIONAL DE MATERIA - TÉRMINO DE MATERIA
9 (RLIN) 10518
Término de materia o nombre geográfico como elemento inicial Big Data
Subdivisión de materia general Medicina
650 #0 - PUNTO DE ACCESO ADICIONAL DE MATERIA - TÉRMINO DE MATERIA
9 (RLIN) 13019
Término de materia o nombre geográfico como elemento inicial Diagnóstico médico
Subdivisión de forma Métodos computacionales
658 #0 - TÉRMINO DE INDIZACIÓN - OBJETIVO CURRICULAR
9 (RLIN) 8315
Programa Académico Programa de Odontología
658 #0 - TÉRMINO DE INDIZACIÓN - OBJETIVO CURRICULAR
9 (RLIN) 10741
Programa Académico Programa de Psicología
700 ## - PUNTO DE ACCESO ADICIONAL - NOMBRE DE PERSONA
9 (RLIN) 13012
Nombre de persona Vashisht, Priyanka
700 ## - PUNTO DE ACCESO ADICIONAL - NOMBRE DE PERSONA
9 (RLIN) 13013
Nombre de persona Kumar, Senthil
700 ## - PUNTO DE ACCESO ADICIONAL - NOMBRE DE PERSONA
9 (RLIN) 13014
Nombre de persona Singh, Chitra
700 ## - PUNTO DE ACCESO ADICIONAL - NOMBRE DE PERSONA
9 (RLIN) 13015
Nombre de persona Amine, Abdelmalek
856 ## - LOCALIZACIÓN Y ACCESO ELECTRÓNICOS
Texto del enlace Acceso online exclusivo para comunidad Unicoc.
Identificador Uniforme del Recurso (URI) https://unicoceduco-my.sharepoint.com/:b:/g/personal/direccionbiblioteca_unicoc_edu_co/IQDwmskMsQd9QYo4wS7ac10aAemFhA6d7K9KgRkM113LrjM
942 ## - ENTRADA PARA ELEMENTOS AGREGADOS (KOHA)
Fuente de clasificación o esquema de ordenación en estanterías
Koha [por defecto] tipo de item Libro electrónico
Existencias
Código de barras Localización permanente Fuente de clasificación o esquema de ordenación en estanterías Fecha del precio de reemplazo Signatura completa Tipo de item de Koha No para préstamo Fecha última consulta Fuente de adquisición Código de colección Estropeado Precio Estado de pérdida Localización actual Fecha de adquisición
Ebook10871Bogotá (Dr. David Ordóñez Rueda) - Campus Norte 2026-04-20616.075Libro electrónico 2026-04-20CompraColeccion Online 200000.00 Bogotá (Dr. David Ordóñez Rueda) - Campus Norte2026-04-20

© 2014 UNICOC | Institución Universitaria Colegios de Colombia - UNICOC
Bogotá D.C. Autopista Norte Km. 20. Teléfono:(571)6683535
Cali: Calle 13 Norte No. 3N-13. Teléfono: (572)6608887

Con tecnología de Koha